000 00315nam a2200145Ia 4500
100 _aHeller/ Philips/ Roberts/ Simon
942 _cBK
654 _aComputer
245 _aJava 2 Developers Handbook
260 _bB.P.B
_c2000
082 _a005.133'J'
_bhel/
300 _a1011
546 _aENGLISH
999 _c19285
_d19285